| 000 | 01470nam a2200361 i 4500 | ||
|---|---|---|---|
| 001 | 96125 | ||
| 003 | ES-MaACL | ||
| 005 | 20260525062930.0 | ||
| 007 | t| | ||
| 008 | 050610s1972 sp ||||1| spa d | ||
| 017 |
_aM 8060-1972 _bOficina Depósito Legal Madrid |
||
| 040 | _cES-MaACL | ||
| 080 | _a396:929(460) | ||
| 100 | 1 |
_aMadariaga, Salvador de, _d1886-1978 _975292 _eaut |
|
| 245 | 1 | 0 |
_aMujeres españolas / _cSalvador de Madariaga. |
| 260 |
_aMadrid : _bEspasa-Calpe, _c1972. |
||
| 300 |
_a326 páginas, 8 láminas ; _c18 cm. |
||
| 490 | 1 |
_aColección Austral ; _v1500 |
|
| 505 | 8 | _aContiene: Melibea ; Catalina de Aragón ; Lady Smith ; La Malibrán ; Paulina García Viardot ; Rosalía de Castro | |
| 600 | 1 | 7 |
_aCatalina de Aragón, _cReina consorte de Enrique VIII, Rey de Inglaterra, _d1485-1536 _9138769 |
| 600 | 1 | 4 |
_aSmith, Juana María de los Dolores de León, _d1798-1872 _9174482 |
| 600 | 1 | 4 |
_aMalibrán, María, _d1808-1836 _9174483 |
| 600 | 1 | 4 |
_aViardot, Pauline, _d1821-1910 _9174484 |
| 600 | 1 | 4 |
_aCastro, Rosalía de, _d1837-1885- _xBiografías _936894 |
| 650 | 7 |
_aMelibea (Personaje de ficción) _2embne _9174481 |
|
| 650 | 7 |
_aMujeres- _zEspaña- _xBiografías _9144907 |
|
| 655 | 0 |
_aBiografías _9176647 |
|
| 830 | 1 |
_aColección austral _v1500 _9177655 |
|
| 852 | 4 |
_aES-MaACL _jC-52747 _999682 _cDEPO2 _xEncuadernación rústica |
|
| 942 |
_cMONOGRAFIA _n0 |
||
| 999 |
_c96125 _d96125 |
||